00320nam a2200145Ia 4500003000900000008004100009040001300050040001300063100001800076245004600094250001200140260000800152300000800160490000600168IT-RoPAU120407s9999 xx 000 0 und d aIT-RoPAU cIT-RoPAU aRuggero Pilla aLa basilica di San Giovanni Bosco in Roma aTorino  aSei c cm v1